000
00289nam a2200109Ia 4500
001
1265345
005
20260417142025.0
008
260417s9999 xx 000 0 und d
020
_a
9786051857015
245
0
_a
Bir Roman Kahramanı - Orhan Veli
_c
Haluk Oral
260
_b
Everest Yayınları
999
_c
1265345
_d
1265345